Central Library OPAC University of Rajshahi
Normal view MARC view

Entry Personal Name

Number of records used in: 2

001 - CONTROL NUMBER

  • control field: 175

003 - CONTROL NUMBER IDENTIFIER

  • control field: BD-RjUL

005 - DATE AND TIME OF LATEST TRANSACTION

  • control field: 20211213143525.0

008 - FIXED-LENGTH DATA ELEMENTS

  • fixed length control field: 211213|| aca||aabn | a|a d

040 ## - CATALOGING SOURCE

  • Original cataloging agency: BD-RjUL
  • Transcribing agency: BD-RjUL

100 ## - HEADING--PERSONAL NAME

  • Personal name: جلال الدين رومي،
  • Dates associated with a name: 1207-1273

670 ## - SOURCE DATA FOUND

  • Source citation: Work cat.: (BD-RjUL)78994: جلال الدين رومي، 1207-1273, كتاب فيه ما ;; fih ma fih /, ١٤٢٣ه، ٢٠٠٢م